000 00409nam a2200133Ia 4500
008 231221s9999 xx 000 0 und d
020 _a978-0-387-72486-7
041 _aEnglish
100 _aJoseph Feller, Brian Fitzgerald, Walt Scacchi, Alberto Sillitti
245 0 _aOpen Source Development, Adoption and Innovation
260 _c2007
_bSpringer US
_aNew York
650 _aComputer Science
942 _cEB
999 _c218242
_d218242